000 00490nam a2200205Ia 4500
999 _c50439
_d50439
001 17384
003 GE_BSU
005 20200217145722.0
008 181216s2007||||enk|||||||||||||| ||eng||
020 _a9780767925259
040 _cGE_BSU
041 _aeng
080 _a579.2 D-11
100 _aD'adamo Y. Peter dr.
_97105
245 _aChange voip Genetic Destiny
264 _aNew York,
_c2007.
300 _a317 p.
_b30 cm.
653 _aგენეტიკა
942 _cBK
_2udc